000 00301nam a22001337a 4500
008 181022b xxu||||| |||| 00| 0 eng d
020 _a9780070390645
041 _aeng
080 _26th
_a070
100 _a40
101 _aMED
245 _aThe Art of Public Speaking
_cLucas,S.E
942 _2udc
_cBK
999 _c50409
_d50409